00611cam a2200169 a 450000100100000000500170001000800410002704000250006808200140009310000380010724500680014526000430021330000270025670000320028395201110031599900150042600000458720200929151451.0830419s1942 nyua 000 0 eng  aDO-SdBNPbspacBNPHU axxxxbE421 aEliot, George,d1819-1880.91301210aSilas Marner /cGeorge Eliot ; adaptado por Mabel Dodge Holmes. aNew York :bGlobe Book Company,c1942. a162 p :bil. ;c21 cm.1 aDodge Holmes, Mabel,913383 001050718MOaGRbGRcCTd2009-07-23iLF1l0oxxxx E42p4587-10r2020-06-25w2020-06-25y1ZNo se presta c4395d4395